LEADER 01671nam 2200529 450 001 9910671639503321 005 20200620105418.0 010 $a84-1324-610-5 035 $a(CKB)4100000010947776 035 $a(MiAaPQ)EBC6774618 035 $a(OCoLC)1160557899 035 $a(FINmELB)ELB129248 035 $a(EXLCZ)994100000010947776 100 $a20200620d2019 uy 0 101 0 $aspa 135 $aurcnu|||||||| 181 $ctxt$2rdacontent/spa 182 $cc$2rdamedia/spa 183 $acr$2rdacarrier/spa 200 10$aFederalismo y constitucio?n /$fManuel J. Ferno?s Lo?pez-Cepero, Jo?rg Ennuschat, Karl-E Hain ; Rosa Mari?a Moreno Flo?rez, directora ; pro?logo de Mari?a J. Roca 210 1$aMadrid :$cDykinson,$d2019. 215 $a1 recurso en li?nea (88 pa?ginas) 225 1 $aColeccio?n Temas de derecho comparado 311 $a84-1324-490-0 320 $aContiene bibliografi?a. 410 0$aColeccio?n Temas de derecho comparado. 606 $aConstitutional law 606 $aFederalism 606 $aDerecho constitucional 606 $aFederalismo 608 $aLibros electronicos. 615 0$aConstitutional law. 615 0$aFederalism. 615 4$aDerecho constitucional. 615 4$aFederalismo. 676 $a342 700 $aFerno?s Lo?pez-Cepedo$b Manuel J$01334756 702 $aEnnuschat$b Jo?rg 702 $aHain$b Karl-E. 702 $aMoreno Flo?rez$b Rosa Mari?a 702 $aRoca$b Mari?a J. 801 0$bFINmELB 801 1$bFINmELB 906 $aBOOK 912 $a9910671639503321 996 $aFederalismo y constitucio?n$93047089 997 $aUNINA LEADER 01384oam 2200385 a 450 001 9910700335603321 005 20130807153711.0 035 $a(CKB)5470000002409632 035 $a(OCoLC)730257162 035 $a(EXLCZ)995470000002409632 100 $a20110613d2011 ua 0 101 0 $aeng 135 $aurcn||||||||| 181 $ctxt$2rdacontent 182 $cc$2rdamedia 183 $acr$2rdacarrier 200 10$a2010 census$b[electronic resource] $ecooperation between partnership staff and local census office managers challenged by communication and coordination problems 210 1$a[Washington, D.C.] :$cU.S. Dept. of Commerce, Office of Inspector General, Office of Audit and Evaluation,$d[2011] 215 $a1 online resource (22 pages) 225 1 $aFinal report / U.S. Department of Commerce, Office of Inspector General, Office of Audit and Evaluation ; dv OIG-11-023-I 225 1 $aReport in brief / U.S. Department of Commerce, Office of Inspector General 300 $aTitle from title screen (viewed on June 10, 2011). 300 $a"Final report OIG-11-023-I." 300 $a"April 8, 2011." 517 $a2010 census 801 0$bGPO 801 1$bGPO 801 2$bTLS 801 2$bOCLCQ 801 2$bOCLCA 801 2$bGPO 906 $aBOOK 912 $a9910700335603321 996 $a2010 census$93153264 997 $aUNINA